শাসন-ব্যবস্থা : (Record no. 9073)
[ view plain ]
| 000 -LEADER | |
|---|---|
| fixed length control field | 00860nam a2200205 a 4500 |
| 001 - CONTROL NUMBER | |
| JCCL Control Number | 9073 |
| 003 - CONTROL NUMBER IDENTIFIER | |
| JCCL marc code | BD-JhCC |
| 005 - DATE AND TIME OF LATEST TRANSACTION | |
| control field | 20180308112910.0 |
| 008 - FIXED-LENGTH DATA ELEMENTS--GENERAL INFORMATION | |
| fixed length control field | 180308s19801981bg |||| ||a| 000 0 ben d |
| 035 ## - SYSTEM CONTROL NUMBER | |
| system control number | (BD-JhCC)9073 |
| 040 ## - CATALOGING SOURCE | |
| Original cataloging agency | BD-JhCC |
| Modifying agency | BD-JhCC |
| 041 ## - LANGUAGE CODE | |
| Language code of Book | ben |
| 082 ## - DEWEY DECIMAL CLASSIFICATION NUMBER | |
| Classification number | 342 |
| Author mark and Year | SEN 1980 |
| 245 ## - TITLE STATEMENT | |
| Title | শাসন-ব্যবস্থা : |
| Remainder of title | ব্রিটেন, মার্কিন যুক্তরাষ্ট্র ও সোবিয়েত ইউনিয়নের শাসন ব্যবস্থা এবং সম্মিলিত জাতিপুঞ্জ / |
| Statement of responsibility, etc | অরুনকুমার সেন [et...all] |
| 260 ## - PUBLICATION, DISTRIBUTION, ETC. (IMPRINT) | |
| Place of publication, distribution, etc | কলকাতা: |
| Name of publisher, distributor, etc | নিউ সেন্ট্রাল বুক এজেন্সী, |
| Date of publication, distribution, etc | 1980. |
| 300 ## - PHYSICAL DESCRIPTION | |
| Pagination | Verius P. : |
| Dimensions | 22 cm. |
| 650 ## - SUBJECT ADDED ENTRY--TOPICAL TERM | |
| Topical term or geographic name as entry element | British Law |
| 942 ## - ADDED ENTRY ELEMENTS (KOHA) | |
| Source of classification or shelving scheme | Dewey Decimal Classification |
| Koha item type | Books |
| Source of classification or shelving scheme | Damaged status | Not for loan | Home library | Current library | Shelving location | Date of accession | Cost, normal purchase price | Total Checkouts | Full call number | Barcode | Date last seen | Copy number | Koha item type |
|---|---|---|---|---|---|---|---|---|---|---|---|---|---|
| Dewey Decimal Classification | JCC Rouf Library | JCC Rouf Library | General Stacks | 03/08/2018 | 30.00 | 342 SEN 1980 | 11906 | 03/08/2018 | C-1 | Books |